[Event "GER-chT North U14"]
[Site "Magdeburg"]
[Date "2012.09.07"]
[Round "4.2"]
[White "Niedwetzki, Jan Daniel"]
[Black "Hoppe, Michael"]
[Result "1-0"]
[WhiteElo "1324"]
[BlackElo "1640"]
[PlyCount "63"]
[EventDate "2012.09.06"]
[EventType "team-swiss"]
[EventRounds "7"]
[EventCountry "GER"]
[SourceTitle "EXT 2015"]
[Source "ChessBase"]
[SourceDate "2014.11.20"]
[SourceVersion "1"]
[SourceVersionDate "2014.11.20"]
[SourceQuality "1"]
[WhiteTeam "Hamburg Diogenes"]
[BlackTeam "Hagen"]
[WhiteTeamCountry "GER"]
[BlackTeamCountry "GER"]

1. e4 Nc6 2. Nc3 Nf6 3. d4 d5 4. e5 Ne4 5. Nxe4 dxe4 6. c3 f5 7. Bc4 e6 8. Nh3 Qd7 9. Nf4 Qf7 10. a3 Ne7 11. Qb3 c6 12. Nxe6 Nd5 13. Nf4 Be6 14. Nxe6 Qxe6 15. Qxb7 Qc8 16. Ba6 Ne7 17. Qxc8+ Nxc8 18. Bb7 Rb8 19. Bxc6+ Ke7 20. Bd5 h6 21. b4 Nb6 22. Bb3 g5 23. h4 g4 24. Bf4 Rc8 25. Rc1 Bg7 26. Ke2 Rhd8 27. Rhd1 Nc4 28. Bxc4 Rxc4 29. f3 gxf3+ 30. gxf3 exf3+ 31. Kxf3 Ke6 32. Rg1 1-0

[Event "GER-chT North U14"]
[Site "Magdeburg"]
[Date "2012.09.07"]
[Round "3.2"]
[White "Niedwetzki, Jan Daniel"]
[Black "Kretzschmar, Arnd"]
[Result "1/2-1/2"]
[WhiteElo "1324"]
[BlackElo "1660"]
[PlyCount "47"]
[EventDate "2012.09.06"]
[EventType "team-swiss"]
[EventRounds "7"]
[EventCountry "GER"]
[SourceTitle "EXT 2015"]
[Source "ChessBase"]
[SourceDate "2014.11.20"]
[SourceVersion "1"]
[SourceVersionDate "2014.11.20"]
[SourceQuality "1"]
[WhiteTeam "Hamburg Diogenes"]
[BlackTeam "Halle USV"]
[WhiteTeamCountry "GER"]
[BlackTeamCountry "GER"]

1. e4 c5 2. Nf3 d6 3. d4 cxd4 4. Nxd4 Nf6 5. Nc3 g6 6. Be3 Bg7 7. f3 0-0 8. Qd2 Nc6 9. 0-0-0 d5 10. Nxc6 bxc6 11. exd5 Nxd5 12. Bd4 Be6 13. Bxg7 Kxg7 14. h4 Qb6 15. h5 Qe3 16. Ne4 Qxd2+ 17. Rxd2 Ne3 18. Bd3 Nc4 19. Bxc4 Bxc4 20. hxg6 hxg6 21. Rd7 Rh8 22. Rdd1 Bd5 23. Nc3 Be6 24. Ne4 1/2-1/2

[Event "Hamburg St Pauli op-B"]
[Site "Hamburg"]
[Date "2011.07.17"]
[Round "9"]
[White "Buecker, Simone"]
[Black "Niedwetzki, Jan Daniel"]
[Result "1-0"]
[WhiteElo "1658"]
[BlackElo "1257"]
[PlyCount "45"]
[EventDate "2011.07.09"]
[EventType "swiss"]
[EventRounds "9"]
[EventCountry "GER"]
[SourceTitle "CBM 143 Extra"]
[Source "ChessBase"]
[SourceDate "2011.08.29"]
[SourceVersion "1"]
[SourceVersionDate "2011.08.29"]
[SourceQuality "1"]

1. d4 d5 2. Nf3 Nf6 3. Bf4 Bf5 4. c3 e6 5. h3 c6 6. Nbd2 Qb6 7. Qb3 Qxb3 8. Nxb3 Nbd7 9. e3 c5 10. Bb5 c4 11. Nbd2 a6 12. Bxd7+ Nxd7 13. a4 Be7 14. b3 cxb3 15. Nxb3 Rc8 16. Kd2 0-0 17. Rhc1 b5 18. axb5 axb5 19. Ra7 e5 20. Nxe5 Nxe5 21. Bxe5 Rfe8 22. Rb7 Bd7 23. Rxd7 1-0

[Event "Hamburg St Pauli op-B"]
[Site "Hamburg"]
[Date "2011.07.12"]
[Round "5"]
[White "Bauer, Matthias"]
[Black "Niedwetzki, Jan Daniel"]
[Result "1-0"]
[WhiteElo "1621"]
[BlackElo "1257"]
[PlyCount "137"]
[EventDate "2011.07.09"]
[EventType "swiss"]
[EventRounds "9"]
[EventCountry "GER"]
[SourceTitle "CBM 143 Extra"]
[Source "ChessBase"]
[SourceDate "2011.08.29"]
[SourceVersion "1"]
[SourceVersionDate "2011.08.29"]
[SourceQuality "1"]

1. b3 d6 2. Bb2 e5 3. c4 Nc6 4. Nc3 Nf6 5. g3 Bf5 6. a3 Nd4 7. Rc1 c6 8. Bg2 Qb6 9. b4 a5 10. Qa4 Be7 11. b5 c5 12. e3 Ne6 13. Nge2 0-0 14. 0-0 Bg6 15. Nd5 Nxd5 16. Bxd5 Nc7 17. Nc3 Nxd5 18. Nxd5 Qd8 19. f4 f6 20. f5 Bf7 21. e4 Bxd5 22. cxd5 b6 23. Qc4 Kh8 24. a4 Rg8 25. Qe2 Qe8 26. Kh1 g6 27. g4 g5 28. Rf3 Kg7 29. Rh3 Rh8 30. Rh5 h6 31. Kg2 Qg8 32. Kf3 Kf7 33. d3 Ke8 34. Bc3 Kd7 35. Be1 Qg7 36. Bf2 Rac8 37. Rh1 Kc7 38. Ke3 Kb8 39. Kd2 Ka8 40. Kc3 Kb7 41. Kc4 Qf8 42. Be3 Qg7 43. h3 Bf8 44. Qh2 Qe7 45. h4 Bg7 46. Qg3 Kb8 47. Rh3 Rce8 48. Qh2 Qd8 49. Bd2 Ka8 50. hxg5 hxg5 51. Rxh8 Rxh8 52. Rxh8 Qxh8 53. Qxh8+ Bxh8 54. Bxa5 bxa5 55. b6 Kb7 56. Kb5 Bg7 57. Kxa5 Bf8 58. Kb5 Be7 59. a5 Bd8 60. a6+ Ka8 61. Kc6 c4 62. dxc4 Kb8 63. Kxd6 Bxb6 64. c5 Bc7+ 65. Ke6 Bd8 66. Kd7 Ba5 67. c6 Bb6 68. d6 Ka8 69. c7 1-0

[Event "GER-ch U12"]
[Site "Oberhof"]
[Date "2011.06.15"]
[Round "7"]
[White "Niedwetzki, Jan Daniel"]
[Black "Hoffmann, Christoph"]
[Result "0-1"]
[WhiteElo "1120"]
[BlackElo "1360"]
[PlyCount "68"]
[EventDate "2011.06.11"]
[EventType "swiss"]
[EventRounds "11"]
[EventCountry "GER"]
[SourceTitle "CBM 142 Extra"]
[Source "ChessBase"]
[SourceDate "2011.06.27"]
[SourceVersion "1"]
[SourceVersionDate "2011.06.27"]
[SourceQuality "1"]

1. e4 e6 2. d4 d5 3. Nc3 Bb4 4. e5 c5 5. a3 Bxc3+ 6. bxc3 Nc6 7. Nf3 Nge7 8. Bd3 0-0 9. Be3 c4 10. Be2 Nf5 11. Bf4 Qa5 12. Qd2 f6 13. exf6 Rxf6 14. Bg5 Rf7 15. Nh4 Nd6 16. 0-0 Ne4 17. Qe3 Qxc3 18. Qxc3 Nxc3 19. Bg4 Nxd4 20. Rfe1 Nxc2 21. Rac1 Nxe1 22. Rxe1 Ne4 23. Be3 Bd7 24. Nf3 Nf6 25. Ne5 Nxg4 26. Nxg4 Rf5 27. h3 e5 28. Bc1 Re8 29. Bb2 d4 30. g3 c3 31. Bc1 d3 32. Rd1 e4 33. Ne3 Ba4 34. Rf1 Rc5 0-1